Equipos de fútbol más valiosos. - Estadísticas

Estadísticas generales
  • Esta prueba ha sido intentada 517 veces
  • La puntuación promedio es 12 de 15
Estadísticas de respuestas
País Valor Club % Correcto
España 1,34 Mil Millones Real Madrid
100%
Inglaterra 1,26 Mil Millones Manchester City
99%
España 880,40 Millones FC Barcelona
97%
Inglaterra 854,15 Millones Manchester United
97%
Italia 672,30 Millones Inter de Milán
95%
Italia 601,01 Millones AC Milan
93%
Inglaterra 954,20 Millones Chelsea
93%
Inglaterra 931 Millones Liverpool
93%
Inglaterra 1,17 Mil Millones Arsenal
88%
Alemania 939,79 Millones Bayern Múnich
87%
Francia 892,50 Millones París Saint-Germain
82%
Inglaterra 615,45 Millones Aston Villa
65%
Alemania 634,25 Millones Bayer Leverkusen
61%
Inglaterra 657,65 Millones Newcastle United
50%
Inglaterra 788,30 Millones Tottenham Hotspur
36%
No se encontraron pruebas coincidentes
Distribución de puntuación
Porcentaje de gente con cada puntuación
Porcentaje por número respondido
Historial de tus puntuaciones
No has intentado esta prueba.